Traité de Métapsychique
Guardat en:
| Autor principal: | |
|---|---|
| Format: | Llibre |
| Idioma: | Undetermined |
| Publicat: |
París, Francia
Libraire Félix Alcan
1923
|
| Matèries: | |
| Etiquetes: |
Afegir etiqueta
Sense etiquetes, Sigues el primer a etiquetar aquest registre!
|
MARC
| LEADER | 00000nam a2200000Ia 4500 | ||
|---|---|---|---|
| 008 | 170316s9999 xx 000 0 und d | ||
| 090 | |a 100 R-19t | ||
| 100 | |a Richet, Charles | ||
| 245 | |a Traité de Métapsychique | ||
| 260 | |a París, Francia | ||
| 260 | |b Libraire Félix Alcan | ||
| 260 | |c 1923 | ||
| 300 | |a 847 páginas | ||
| 650 | |a FILOSOFÍA | ||
| 999 | |c 17409 |d 17409 | ||
| 040 | |a cru BVZT | ||
| 942 | |c 15 D |h 100 R-19t |2 z | ||
